| 000 | 00609cam a2200205 4500 | ||
|---|---|---|---|
| 001 | 2443 | ||
| 005 | 20181127165133.0 | ||
| 008 | 020815s2003 mnu 000 0ceng | ||
| 010 | _a 2002111720 | ||
| 020 | _a1555973825 (pbk.) | ||
| 043 | _an-us--- | ||
| 245 | 0 | 0 |
_aOpen house : _bwriters redefine home / _cedited by Mark Doty. |
| 260 |
_aSaint Paul, Minn. : _bGraywolf Press, _cc2003. |
||
| 300 |
_axvii, 236 p. ; _c23 cm. |
||
| 440 | 0 |
_aGraywolf forum ; _v5 |
|
| 650 | 0 |
_aAuthors, American _xHomes and haunts. |
|
| 650 | 0 |
_aAuthors, American _y20th century _xEssays. |
|
| 650 | 0 | _aHome. | |
| 700 | 1 | _aDoty, Mark. | |
| 999 |
_c1954 _d1954 |
||